00915naa a22002417a 4500001001000000003000900010005001700019007000300036008003400039040005400073041000900127072000800136100001700144100001800161111008600179245009600265260003600361500011600397650002100513650001000534650001600544773011300560BR7902684BR-BrBNA20240918174349.0ta230509b bl.||||| |||| 00| 0 por d aBR-BrBNAbporcBiblioteca Nacional de Agricultura a(Pt) aH201 aBastos, C.N.1 aMatta, E.A.F.1 a2. Encontro Agronomico do Medio Sao FranciscocJuazeiro, BA (Brazil)d12 Oct 19761 aInfluencia da temperatura luz na esporulacao do fungo Metarrhizium anisupliae (Metchn)Sorok3 aJuazeiro, BA (Brasil): c1978.  aAnais do 2. Encontro Agronomico do Medio Sao Francisco Juazeiro, BA (Brasil): 1978. p. 49-54 (BR7902684-AM)H20  aDoenca de planta aFungo aEsporulacao0 tAnais do 2. Encontro Agronomico do Medio Sao FranciscowH20 BR7902684gJuazeiro, BA (Brasil), 1978. p. 49-54